Analysis of income for citizens at NUTS III level in Slovakia and Czech Republic
Aktuálna situácia o chudobe s ohľadom na socio-ekonomickú nerovnosť a ukazovatele chudoby v regiónoch ČR a SR. Giniho koeficient distribúcie príjmov. Dáta z EU SILC.
Saved in:
| Main Author: | |
|---|---|
| Other Authors: | |
| Format: | Book Chapter |
| Language: | English |
| Subjects: | |
| Tags: |
No Tags, Be the first to tag this record!
|
MARC
| LEADER | 00000naa a2200000 4500 | ||
|---|---|---|---|
| 001 | 0209739 | ||
| 005 | 20220718122811.3 | ||
| 041 | 0 | |a eng | |
| 044 | |a SK | ||
| 245 | 1 | 0 | |a Analysis of income for citizens at NUTS III level in Slovakia and Czech Republic |c Sylvia Jenčová, Eva Litavcová |
| 520 | |a Aktuálna situácia o chudobe s ohľadom na socio-ekonomickú nerovnosť a ukazovatele chudoby v regiónoch ČR a SR. Giniho koeficient distribúcie príjmov. Dáta z EU SILC. | ||
| 610 | 2 | 0 | |a Česko |
| 610 | 2 | 0 | |a Slovensko |
| 610 | 2 | 0 | |a analýza komparatívna |
| 610 | 2 | 0 | |a regióny |
| 610 | 2 | 0 | |a chudoba |
| 610 | 2 | 0 | |a príjmy obyvateľstva |
| 100 | 1 | |a Jenčová, Sylvia | |
| 700 | 1 | |a Litavcová, Eva | |